Score 0/31 Timer 08:00
0 Plays Today
% Correct
Sweden
95%
Finland
92.7%
Denmark
90.5%
Germany
88.9%
Russia
84.2%
Austria
82.1%
Poland
78.9%
Japan
77.8%
Estonia
77.3%
Latvia
76.6%
Lithuania
76.5%
Slovakia
75.1%
Ukraine
74.6%
Slovenia
74.6%
Croatia
73.9%
Romania
73.5%
% Correct
Serbia
73.3%
Bulgaria
72.4%
Belarus
71.6%
Albania
70%
South Korea
67.2%
Montenegro
65.7%
Bosnia and Herzegovina
65%
Moldova
62.9%
Armenia
59%
Azerbaijan
54.4%
Cuba
47.1%
Mongolia
41.8%
Uzbekistan
41.1%
Czech Republic
39.2%
Tajikistan
37.8%
Remove Ads.
Support Sporcle.
Get the best of Sporcle when you Go Orange. This ad-free experience offers more features, more stats, and more fun while also helping to support Sporcle. Thank you for becoming a member.

You're not logged in!

Compare scores with friends on all Sporcle quizzes.
OR
Log In

Sporcle TV

Today on Sporcle TV


Watch our educational content, quiz creation guides, and fun videos on Sporcle TV.

Show Comments

Extras

Top Quizzes Today


Score Distribution

Paid Content

Your Account Isn't Verified!

In order to create a playlist on Sporcle, you need to verify the email address you used during registration. Go to your Sporcle Settings to finish the process.

Report this User

Report this user for behavior that violates our Community Guidelines.

Details: